00546nam a2200205 a 4500001001300000003000900013005001700022008004100039020001000080082001600090100002100106245005000127260004000177300000900217500003500226505001000261650002200271650002600293700002100319nice12345678IN_TiNIC20260116013849.0050524s1993 iraa grp 000 0 urd  ac12500a954.84bTAI aTaiyyaba Begum,  aAsif-E-Saabe Mir Osman Ali Khan Awr Unka Ahad aIranbIdara-I-Adabiyat-I-Urduc1993 a342p aincludes index and biblioraphy2 aIndex aHyderabad-History aNizams-Administration1 aTaiyyaba Begum,